Survey toolbox : A practical manual and software package for active surveillance of livestock diseases in developing countries
保存先:
| フォーマット: | 図書 |
|---|---|
| 言語: | Undetermined |
| 出版事項: |
Cameron
Australian center for international agriculture research
1989
|
| 主題: | |
| タグ: |
タグ追加
タグなし, このレコードへの初めてのタグを付けませんか!
|
| Thư viện lưu trữ: | Trung tâm Học liệu Trường Đại học Cần Thơ |
|---|
| LEADER | 00604nam a2200181Ia 4500 | ||
|---|---|---|---|
| 001 | CTU_126061 | ||
| 008 | 210402s9999 xx 000 0 und d | ||
| 082 | |a 636.0896 | ||
| 082 | |b S963 | ||
| 245 | 0 | |a Survey toolbox : | |
| 245 | 2 | |b A practical manual and software package for active surveillance of livestock diseases in developing countries | |
| 260 | |a Cameron | ||
| 260 | |b Australian center for international agriculture research | ||
| 260 | |c 1989 | ||
| 650 | |a Livestock,Livestock | ||
| 650 | |x Diseases,Parasites | ||
| 904 | |i Hiếu | ||
| 980 | |a Trung tâm Học liệu Trường Đại học Cần Thơ | ||